North American Sports Teams That Share a Name - Statistics

General Stats
  • This quiz has been taken 1,374 times
  • The average score is 15 of 18
Answer Stats
League Name/Location % Correct
Giants
93%
NFL New York
93%
NFL New York
93%
NHL New York
93%
Jets
91%
MLB San Francisco
87%
Rangers
85%
Cardinals
82%
MLB Texas
79%
NHL Winnipeg
79%
NFL Arizona
78%
MLB St. Louis
77%
Panthers
76%
Kings
74%
NHL Los Angeles
73%
NFL Carolina
70%
NBA Sacramento
70%
NHL Florida
68%
No matching quizzes found
Score Distribution
Percent of People with Each Score
Percentile by Number Answered
Your Score History
You have not taken this quiz